HARVARD BUSINESS REVIEW ON BUSINESS VALU (Record no. 9235)
[ view plain ]
| 000 -LEADER | |
|---|---|
| fixed length control field | 00373nam a2200133Ia 4500 |
| 008 - FIXED-LENGTH DATA ELEMENTS--GENERAL INFORMATION | |
| fixed length control field | 240624s9999 xx 000 0 und d |
| 041 ## - LANGUAGE CODE | |
| Language code of text/sound track or separate title | eng |
| 082 ## - DEWEY DECIMAL CLASSIFICATION NUMBER | |
| Classification number | 658.4038 HAR |
| 100 ## - MAIN ENTRY--PERSONAL NAME | |
| Personal name | HARVARD BUSINESS REVIEW |
| 245 ## - TITLE STATEMENT | |
| Title | HARVARD BUSINESS REVIEW ON BUSINESS VALU |
| 260 ## - PUBLICATION, DISTRIBUTION, ETC. | |
| Date of publication, distribution, etc. | 1999 |
| Place of publication, distribution, etc. | Boston |
| Name of publisher, distributor, etc. | Harvard Businesss School Press |
| 300 ## - PHYSICAL DESCRIPTION | |
| Extent | v, : 239 : p. : cm. ; 22 |
| 365 ## - TRADE PRICE | |
| Currency code | RS |
| Withdrawn status | Lost status | Damaged status | Not for loan | Home library | Current library | Shelving location | Date acquired | Source of acquisition | Cost, normal purchase price | Total Checkouts | Total Holds | Full call number | Barcode | Date last seen | Date last checked out | Copy number | Price effective from | Koha item type |
|---|---|---|---|---|---|---|---|---|---|---|---|---|---|---|---|---|---|---|
| IMTN | IMTN | Rack 29-A | 06/11/2008 | CBS | 849.00 | 1 | 1656 | 658.4038 HAR | 9235 | 07/21/2024 | 07/15/2024 | 1 | 06/24/2024 | Books |